Affrontez l'Alphabet #22 (spécial communes françaises) - Statistiques

Statistiques générales
  • Ce quiz a été pris 87 fois
  • Le résultat moyen est 8 sur 11
Statistiques - réponses
Hint Réponse % Correct
Donne les 2 lettres manquantes dans le nom de la commune française en photo : NI_ _
CE
100%
Donne les 2 lettres manquantes dans le nom de la commune française en photo : NA_ _ ES
NT
96%
Donne les 2 lettres manquantes dans le nom de la commune française en photo : _EI_S
RM
94%
Donne les 2 lettres manquantes dans le nom de la commune française en photo : _I_ON
DJ
79%
Donne les 2 lettres manquantes dans le nom de la commune française en photo : TO_R_
US
78%
Donne les 2 lettres manquantes dans le nom de la commune française en photo : DUN_ER_UE
KQ
74%
Donne les 2 lettres manquantes dans le nom de la commune française en photo : _ITR_-SUR-SEINE
VY
74%
Donne les 2 lettres manquantes dans le nom de la commune française en photo : _E_IERS
BZ
72%
Donne les 2 lettres manquantes dans le nom de la commune française en photo : VAU _ _ -EN-VELIN
LX
60%
Donne les 2 lettres manquantes dans le nom de la commune française en photo : DR_VE_L
AI
53%
Dernière Question : Donne la lettre manquante dans le nom de la commune française en photo : _AVRIN
W
19%
Aucun quiz correspondant
Distribution des résultats
% des personnes avec chaque résultat
Percentile par nombre de réponses
Votre historique - résultats
Vous n’avez pas pris ce quiz